00501nam a2200169Ia 450000500170000000800410001702000150005804000180007304100080009108200210009910000180012024500520013825000120019026000660020230000280026865000350029620220621154723.0210716s2001 xx 000 0 und d a0070472769 cAIMIT LIBRARY aeng a006.42 25bVAUT aVaughan, Tay. aMultimedia: bmaking it work /cBy Tay Vaughan. a5th ed. aNew Delhi :bTata McGraw Hill Publishing Company Ltd ,c2001. axxii,525p. ;bPBc23 cm aGraphics ProgramMultimedia Sys